00497nam a2200181 a 4500001001300000003000900013005001700022008004100039020002300080082001300103100001600116245007200132260003700204300000900241500003500250505001000285650002000295nice12345678IN_TiNIC20260116012319.0050524s1988 jaia grp 000 0 eng  a8185176 c10000a020bSHA aSharma, C D aAdvances in Library and Information Scienceb Computer Applications aJaipurbR B S a Publishersc1988 a264p aincludes index and biblioraphy2 aIndex aLibrary Science